[Event "Let's Play Chess!"]
[Site "http://www.queenalice.com/game.php?id=639543"]
[Date "2009.8.20"]
[Round "-"]
[White "metalkinght2000"]
[Black "miah14"]
[Result "0-1"]
[WhiteElo "1115"]
[BlackElo "2115"]

1. e4 e5 2. Bc4 c6 3. Qf3 Nf6 4. b4 Be7 5. Qg3 O-O 6. d3 Bxb4+ 7. c3 Bd6 8. Bh6
Ne8 9. Nf3 b5 10. Bb3 a5 11. Bg5 Qc7 12. a4 Na6 13. axb5 Nc5 14. Ra3 cxb5 15. d4
Nd3+ 16. Ke2 Nf4+ 17. Ke3 exd4+ 18. Nxd4 Nd5+ 19. Bxd5 Bxg3 20. hxg3 Bb7 21. Bf4
Qb6 22. Nd2 Bxd5 23. exd5 Nf6 24. Rh4 Rfe8+ 25. Kd3 b4 26. g4 bxa3 27. g5 Nxd5
28. g6 Qxg6+ 29. Kc4 Nxf4 30. Rxf4 Rec8+ 31. Kb3 Qd3 32. N2f3 Qxc3+ 33. Ka2 Qb2#
0-1

[Event "Challenge"]
[Site "http://www.queenalice.com/game.php?id=645298"]
[Date "2009.8.31"]
[Round "-"]
[White "n90203"]
[Black "metalkinght2000"]
[Result "0-1"]
[WhiteElo "1234"]
[BlackElo "1115"]

1. c3 e6 2. Qa4 Bc5 3. d4 Bb6 4. e4 c5 5. d5 c4 6. Qxc4 exd5 7. exd5 Qe7+ 8. Be2
Qf6 9. Qe4+ Ne7 10. Be3 d6 11. Bd4 Qe6 12. dxe6 Bxe6 13. Bxg7 Rg8 14. Qxb7 Bd5
15. Bb5+ Bc6 16. Bxc6+ Nbxc6 17. Qxa8+ Nd8 18. Bf6 Bc7 19. Bxe7 Kxe7 20. Qe4+
Ne6 21. Qh4+ f6 22. Qxh7+ Rg7 23. Qe4 Bb6 24. f4 Kf7 25. f5 Ng5 26. Qd5+ Ne6 27.
Qxe6+ Kf8 28. Qxd6+ Re7+ 29. Ne2 Bc7 0-1

[Event "Challenge"]
[Site "http://www.queenalice.com/game.php?id=647530"]
[Date "2009.9.5"]
[Round "-"]
[White "metalkinght2000"]
[Black "Mr_SPOCK"]
[Result "0-1"]
[WhiteElo "1115"]
[BlackElo "1636"]

1. e4 e5 2. b3 Bc5 3. Bc4 Nf6 4. Bb2 Nxe4 5. Qf3 Bxf2+ 6. Kf1 O-O 7. Qxe4 Qf6 8.
Nf3 d5 9. Bxd5 c6 10. Bc4 Bf5 11. Qe2 b5 12. Bd3 Nd7 13. Qxf2 Rae8 14. Qxa7 Re7
15. Qa3 c5 16. Qa5 e4 17. Bxb5 exf3 18. Qa4 Qxb2 19. Bd3 Qc1+ 20. Kf2 Qxh1 21.
Bxf5 Qxg2# 0-1

[Event "Challenge"]
[Site "http://www.queenalice.com/game.php?id=699714"]
[Date "2009.12.18"]
[Round "-"]
[White "metalkinght2000"]
[Black "Mr_SPOCK"]
[Result "0-1"]
[WhiteElo "1125"]
[BlackElo "1579"]

1. Nc3 e5 2. e4 Bc5 3. Qg4 Qf6 4. Nh3 Nh6 5. Qg5 Bxf2+ 6. Kd1 Qb6 7. Qxe5+ Kf8
8. Qg5 Nc6 9. Nd5 Qc5 10. Ke2 Nd4+ 11. Kd1 Ne6 12. Qh5 Nd4 13. Nxf2 Qxc2+ 14.
Ke1 d6 15. Qh4 Bg4 16. Nxg4 Qxe4+ 17. Kf2 Nxg4+ 18. Kg1 Nf5 19. Qh3 h5 20. Nxc7
Qe1 21. Qf3 Nd4 22. Qf4 Ne2# 0-1

[Event ":)"]
[Site "http://www.queenalice.com/game.php?id=710112"]
[Date "2010.1.8"]
[Round "-"]
[White "Mr_SPOCK"]
[Black "metalkinght2000"]
[Result "1-0"]
[WhiteElo "1640"]
[BlackElo "1123"]

1. e4 Nf6 2. e5 Nd5 3. Bc4 e6 4. Nf3 d6 5. O-O Nc6 6. Bxd5 exd5 7. d4 dxe5 8.
dxe5 Bb4 9. Bg5 f6 10. exf6 gxf6 11. Qe2+ 1-0

[Event "Challenge"]
[Site "http://www.queenalice.com/game.php?id=723435"]
[Date "2010.1.31"]
[Round "-"]
[White "metalkinght2000"]
[Black "Dutchman"]
[Result "0-1"]
[WhiteElo "1136"]
[BlackElo "1538"]

1. Nc3 e5 2. Nh3 c6 3. d3 d5 4. d4 f6 5. dxe5 fxe5 6. Be3 d4 7. Bg5 Be7 8. Ne4
h6 9. Bc1 Qd5 10. Qd3 Nf6 11. f3 c5 12. e3 c4 13. Qxc4 Qxc4 14. Bxc4 Bd7 15. Bd3
dxe3 16. Bxe3 Nc6 17. f4 Nd4 18. fxe5 Nxe4 19. Bxd4 Bxh3 20. gxh3 Bh4+ 21. Ke2
Ng5 22. Bc4 Rf8 23. Bc5 Rf4 24. Bb3 Re4+ 25. Kd3 Rd8+ 26. Kc3 Rxe5 27. Rhe1
Bxe1+ 28. Kc4 b6 29. Bd4 Re7 30. Rd1 a6 31. c3 Nxh3 0-1

[Event "Challenge"]
[Site "http://www.queenalice.com/game.php?id=795036"]
[Date "2010.6.26"]
[Round "-"]
[White "metalkinght2000"]
[Black "Mr_SPOCK"]
[Result "0-1"]
[WhiteElo "1136"]
[BlackElo "1678"]

1. Nh3 e5 2. Nc3 d5 3. e4 d4 4. Nd5 Bc5 5. Bd3 Nh6 6. Qf3 Be6 7. Qg3 Ng4 8. Qf3
O-O 9. Ng1 c6 10. h3 Nf6 11. h4 cxd5 12. exd5 Bg4 13. Qg3 Bd6 14. Be2 e4 15. f4
exf3 16. Qf2 fxg2 17. Qxg2 Re8 18. h5 h6 19. Rh4 Qd7 20. Nf3 Bxh5 21. Nxd4 g5
22. b3 Kh7 23. Rh3 Bg4 24. Re3 Rxe3 25. dxe3 Bh3 26. Qf2 Be5 27. Rb1 Ng4 28. Qf3
Nh2 29. Qh5 Bg3+ 30. Kd1 Bg4 31. Qxg4 Nxg4 32. Bd3+ Kh8 33. Bb2 Nxe3+ 34. Ke2
Qh3 35. Kxe3 Bf4+ 36. Ke4 Qe3+ 37. Kf5 f6 38. Kxf6 Nd7+ 39. Kg6 Rg8+ 40. Kf5
Rf8+ 41. Kg4 Ne5+ 42. Kh5 Qh3# 0-1

[Event ";)"]
[Site "http://www.queenalice.com/game.php?id=814017"]
[Date "2010.8.6"]
[Round "-"]
[White "Mr_SPOCK"]
[Black "metalkinght2000"]
[Result "1-0"]
[WhiteElo "1596"]
[BlackElo "1134"]

1. e4 Nh6 2. e5 d5 3. exd6 Qxd6 4. d4 Qe6+ 5. Be3 b6 6. Nh3 Qd6 7. Nf4 Qb4+ 8.
Nc3 Qxb2 9. Nfd5 Qa3 10. Nb5 Qa5+ 11. Nbc3 c6 12. Nc7+ Kd8 13. Bd2 Kxc7 14. Bc4
Qb4 15. Qe2 Kd8 16. O-O c5 17. Ne4 Qa3 18. dxc5 bxc5 19. Rfd1 Qa4 20. Bb4+ Bd7
21. Bxc5 Qc6 22. Bb5 Qe6 23. Rd3 Qg4 24. Rxd7+ Nxd7 25. Qd3 Nf5 26. Qxd7# 1-0

[Event "Challenge"]
[Site "http://www.queenalice.com/game.php?id=816430"]
[Date "2010.8.11"]
[Round "-"]
[White "metalkinght2000"]
[Black "Vanessahermosa"]
[Result "1-0"]
[WhiteElo "1132"]
[BlackElo "1335"]

1. Nh3 e5 2. e4 Bc5 3. Bc4 Qf6 4. Qh5 g6 5. Qg5 Qxg5 6. Nxg5 Nh6 7. Nxf7 Nxf7 8.
b3 Ng5 9. Bb2 Rf8 10. Bxe5 d6 11. Bg7 Rf7 12. Bh6 Rf4 13. Bxg5 Rxe4+ 14. Kd1
Bxf2 15. Rf1 Bh4 16. Bf6 Bg4+ 17. Kc1 Be1 18. Kb2 Nd7 19. Nc3 Be2 20. Nxe2 Bxd2
21. Nc3 Bxc3+ 22. Kxc3 Nc5 23. Rae1 Rxe1 24. Rxe1+ Kd7 25. b4 Na6 26. Bd5 Rf8
27. Be7 Re8 28. Be6+ Kc6 29. Bg4 b6 30. Bh4 Rxe1 31. Bxe1 b5 32. h4 Nb8 33. h5
gxh5 34. Bxh5 Kb6 35. g4 c5 36. g5 d5 37. Be2 d4+ 38. Kd3 a5 39. bxc5+ Kxc5 40.
Bf2 Kb4 41. Kxd4 a4 42. Bd3 Nc6+ 43. Ke3 Ne5 44. Bxh7 Ka3 45. g6 Nxg6 46. Bxg6
Kxa2 47. c3 a3 48. Ke4 Kb2 49. Bd4 a2 50. c4+ Kb3 51. cxb5 Kc4 52. Bg7 Kxb5 53.
Bf7 Kb4 54. Bxa2 Ka3 55. Bd5 Kb4 56. Kd4 Ka4 57. Be5 Ka3 58. Kc5 Ka4 59. Kb6 Kb4
60. Bd6+ Kc3 61. Kb5 Kd4 62. Be6 Ke4 63. Kc4 Ke3 64. Bd5 Kd2 65. Kb3 Ke3 66. Kc4
Kd2 67. Bc5 Ke2 68. Kd4 Kd2 69. Ke4 Ke2 70. Bc4+ Kd2 71. Kf3 Kc3 72. Bd5 1-0

[Event "Challenge"]
[Site "http://www.queenalice.com/game.php?id=835661"]
[Date "2010.9.21"]
[Round "-"]
[White "YuGi"]
[Black "metalkinght2000"]
[Result "0-1"]
[WhiteElo "1277"]
[BlackElo "1190"]

1. e4 Nh6 2. Qf3 e6 3. g4 g5 4. Na3 Bc5 5. Nc4 Bf8 6. Nh3 Qe7 7. d3 Qc5 8. Be3
Qb4+ 9. Bd2 Qc5 10. Be3 Qb5 11. a4 Qc6 12. b3 Na6 0-1

[Event "AUTO-BEG-431"]
[Site "http://www.queenalice.com/game.php?id=847066"]
[Date "2010.10.17"]
[Round "1"]
[White "rafa_sax88"]
[Black "metalkinght2000"]
[Result "0-1"]
[WhiteElo "1252"]
[BlackElo "1227"]

1. e4 Nc6 2. d4 e5 3. d5 Nd4 4. Bc4 Qf6 5. Nf3 Qg6 6. Nh4 Qxe4+ 7. Be3 Qxh4 8.
g3 Qe4 9. Rf1 Nxc2+ 10. Ke2 Nd4+ 11. Ke1 Qf3 0-1

[Event "AUTO-BEG-431"]
[Site "http://www.queenalice.com/game.php?id=847067"]
[Date "2010.10.17"]
[Round "1"]
[White "metalkinght2000"]
[Black "rafa_sax88"]
[Result "1-0"]
[WhiteElo "1209"]
[BlackElo "1270"]

1. e4 e5 2. Nh3 Nf6 3. Qf3 d5 4. exd5 Nxd5 5. Qh5 Nd7 6. Ng5 g6 7. Qf3 Qxg5 8.
Qxd5 Qf6 9. Bc4 Nb6 10. Qxf7+ Qxf7 11. Bxf7+ Kxf7 12. Nc3 1-0

[Event "AUTO-BEG-431"]
[Site "http://www.queenalice.com/game.php?id=847076"]
[Date "2010.10.17"]
[Round "1"]
[White "metalkinght2000"]
[Black "Nacional_kid"]
[Result "0-1"]
[WhiteElo "1244"]
[BlackElo "1548"]

1. e4 e5 2. Bc4 Qh4 3. Qf3 Nf6 4. d3 Bc5 5. g3 Qg4 6. h3 Qg6 7. Be3 Bxe3 8. fxe3
d6 9. d4 Nxe4 10. Nc3 Qxg3+ 11. Kf1 Nd2+ 12. Ke2 Nxf3 13. Nxf3 Qg2+ 14. Kd1
Qxh1+ 15. Ne1 exd4 16. exd4 Qxh3 17. Nd5 Bg4+ 18. Kd2 Kd8 19. Ne3 Nc6 20. Rd1
Bxd1 21. Kxd1 Re8 22. Nd5 Qg4+ 23. Be2 Qxe2+ 24. Kc1 Qxe1# 0-1

[Event "AUTO-BEG-431"]
[Site "http://www.queenalice.com/game.php?id=933034"]
[Date "2011.5.2"]
[Round "2"]
[White "jova21"]
[Black "metalkinght2000"]
[Result "1-0"]
[WhiteElo "1796"]
[BlackElo "1275"]

1. e4 Nc6 2. d4 e6 3. Bb5 e5 4. Nf3 d5 5. Nxe5 Ne7 6. Qf3 Be6 7. O-O dxe4 8.
Qxe4 Bd5 9. Qe3 a6 10. c4 axb5 11. cxd5 Nxd5 12. Qd2 Qh4 13. Re1 O-O-O 14. Nxf7
Bd6 15. Nxd6+ Rxd6 16. Nc3 Rf8 17. Re4 Rxf2 18. Qxf2 Qxf2+ 19. Kxf2 Nf6 20. Rf4
Rxd4 21. Rxd4 Nxd4 22. Bd2 b4 23. Ke3 Nc2+ 24. Kf4 Nxa1 25. Ne4 b3 26. axb3 Nxb3
27. Bc3 Nd5+ 28. Ke5 c6 29. Kd6 Nxc3 30. Nxc3 b5 31. Kxc6 b4 32. Nd5 Nc1 33.
Nxb4 g5 34. Nd5 h5 35. b4 g4 36. b5 h4 37. Nf4 Nb3 38. b6 Kb8 39. Ng6 Nd4+ 40.
Kc5 Ne6+ 41. Kc6 g3 42. hxg3 hxg3 43. b7 Nd8+ 44. Kd5 Nxb7 45. Ke4 Nd6+ 46. Kf3
Nf5 47. Kg4 Ne3+ 48. Kxg3 Nf1+ 49. Kf2 Nh2 50. Ne5 Kc8 51. Kg1 1-0

[Event "AUTO-BEG-431"]
[Site "http://www.queenalice.com/game.php?id=933035"]
[Date "2011.5.2"]
[Round "2"]
[White "metalkinght2000"]
[Black "jova21"]
[Result "0-1"]
[WhiteElo "1259"]
[BlackElo "1813"]

1. Nc3 d5 2. d4 Nf6 3. Nh3 Bxh3 4. gxh3 Nc6 5. e3 e6 6. h4 Ne4 7. Nxe4 dxe4 8.
Qg4 Qe7 9. Bh3 Qb4+ 10. c3 Qc4 11. Qxe4 O-O-O 12. Bf1 Qd5 13. Bd3 Qh5 14. Qf4
Bd6 15. e4 Bxf4 16. Bxf4 Qf3 17. d5 Qxh1+ 18. Bf1 exd5 19. exd5 Rhe8+ 20. Be3
Rxd5 21. Ke2 Qe4 22. Rd1 Rxd1 23. Kxd1 Ne5 24. Bb5 Rd8+ 25. Ke2 Qc2+ 26. Ke1
Rd1# 0-1

[Event "AUTO-BEG-431"]
[Site "http://www.queenalice.com/game.php?id=933040"]
[Date "2011.5.2"]
[Round "2"]
[White "metalkinght2000"]
[Black "magalhaes_br"]
[Result "1-0"]
[WhiteElo "1240"]
[BlackElo "1324"]

1. Nc3 e6 2. e3 Nc6 3. Nh3 Nge7 4. Qf3 Ne5 5. Qg3 N7g6 6. Bd3 Qf6 7. Nf4 Bd6 8.
Nb5 O-O 9. Be4 a6 10. Nxd6 cxd6 11. h4 a5 12. h5 Ne7 13. h6 Ra6 14. Nh5 Qf5 15.
Qxg7# 1-0

[Event "AUTO-BEG-431"]
[Site "http://www.queenalice.com/game.php?id=933041"]
[Date "2011.5.2"]
[Round "2"]
[White "magalhaes_br"]
[Black "metalkinght2000"]
[Result "0-1"]
[WhiteElo "1305"]
[BlackElo "1257"]

1. e4 Nc6 2. Nc3 e6 3. Nf3 Bc5 4. Qe2 Nd4 5. Nxd4 Bxd4 6. Nd1 Qf6 7. c3 Bb6 8.
d3 Ne7 9. Ne3 d5 10. exd5 c5 11. c4 Ba5+ 12. Bd2 Qxb2 13. Rc1 Qxc1+ 14. Nd1 exd5
15. Qe3 dxc4 0-1